Normal view
MARC view
Entry Personal Name
001 - CONTROL NUMBER
- control field: 85390
003 - CONTROL NUMBER IDENTIFIER
- control field: dpl
005 - DATE AND TIME OF LATEST TRANSACTION
- control field: 20251007105315.0
008 - FIXED-LENGTH DATA ELEMENTS
- fixed length control field: 251007|| aca||aabn | a|a d
040 ## - CATALOGING SOURCE
- Original cataloging agency: dpl
- Transcribing agency: dpl
100 ## - HEADING--PERSONAL NAME
- Personal name: पांडेय, प्रभाकर
670 ## - SOURCE DATA FOUND
- Source citation: Work cat.: (dpl)213585: पांडेय, प्रभाकर , वर्णमाला - अक्षर ज्ञान:, 2022
